00622nam a2200193 i 450000100060000000300090000600500170001500700030003200800410003510000200007624501060009626000290020230000350023149000380026660000160030470000390032083000380035985200310039797692ES-MaACL20230906182139.0t|050715s1976 sp ||||1| spa d1 aMariel, Pierre.10aParacelso o el tormento de saber / cPierre Mariel ; [traducción Jesús Florentino Díaz Prieto]. aMadrid : bEdaf, c1976. a235 p. con 1 lám. ; c21 cm.1 aEsoterismo. La tabla de Esmeralda04aParacelsus.1 aDíaz Prieto, Jesús Florentino.0 aEsoterismo. La tabla de Esmeralda aES-MaACLjA-6923 bR.95583